LEADER 01153nam0 2200301 i 450 001 SUN0005759 005 20120330125824.444 010 $a88-348-9114-7 020 $aIT$b2000 5026 100 $a20020813d1999 |0itac50 ba 101 $aita 102 $aIT 105 $a|||| ||||| 200 1 $aCostruttivismo e teorie del diritto$fVittorio Villa 210 $aTorino$cGiappichelli$d[1999] 215 $aX, 328 p.$d23 cm. 606 $aDiritto$xLinguaggio$2FI$3SUNC003223 606 $aLegge$xInterpretazione$2FI$3SUNC003498 620 $dTorino$3SUNL000001 676 $a340.11$cDiritto. Filosofia e teoria. Soggetti speciali$v21 700 1$aVilla$b, Vittorio$3SUNV005056$07288 712 $aGiappichelli$3SUNV000045$4650 801 $aIT$bSOL$c20181109$gRICA 912 $aSUN0005759 950 $aUFFICIO DI BIBLIOTECA DEL DIPARTIMENTO DI GIURISPRUDENZA$d00 CONS VIII.Eb.158 $e00 16380 995 $aUFFICIO DI BIBLIOTECA DEL DIPARTIMENTO DI GIURISPRUDENZA$h16380$kCONS VIII.Eb.158$op$qa 996 $aCostruttivismo e teorie del diritto$9629459 997 $aUNICAMPANIA